000 00626nam a2200253Ia 4500
003 OSt
005 20221007111854.0
006 a|||||r|||| 00| 0
007 ta
008 221006b |||||||| |||| 00| 0 eng d
024 _a24,461
037 _cTextual
040 _aLCO
_cLCO
_beng
041 _2eng
_aeng
082 _aX8(A):Z, P7
100 _aPaul Meenu
_9687132
245 0 _aLabour and Industrial Law
250 _a6th
260 _aDelhi
_bAllahabad Law Agency India
_c2007
300 _a824
650 _aLABOUR
942 _hX8(A):Z, P7
_cTEXL
999 _c1194024
_d1194024